Ken Watanabe Filmography - Statistics

General Stats
  • This quiz has been taken 29 times
    13 since last reset
  • The average score is 26 of 70
Answer Stats
Type Year Name % Correct
Film 2014 Godzilla
75%
Film 1985 Tampopo
75%
Film 2005 Batman Begins
50%
Video Game 2005 Batman Begins
50%
Film 2009 Cirque du Freak: The Vampire's Assistant
50%
Film 2002 Dawn of a New Day: The Man Behind VHS
50%
Film 2020 Fukushima 50
50%
Film 2019 Godzilla: King of the Monsters
50%
Film 2012 Hayabusa: Harukanaru Kikan
50%
Film 2010 Inception
50%
Film 2018 Isle of Dogs
50%
Film 1985 Kekkon Annai Misuterî
50%
Film 2023 Kensuke's Kingdom
50%
Film 1998 Kizuna
50%
Film 2025 Kokuhô
50%
Film 2006 Letters from Iwo Jima
50%
Film 1984 MacArthur's Children
50%
Film 2005 Memoirs of a Geisha
50%
Film 2006 Memories of Tomorrow
50%
Film 2016 Rage
50%
Film 2001 Sennen no Koi Story of Genji
50%
Film 2010 Shanghai
50%
Film 2000 Space Travelers
50%
Film 2003 The Last Samurai
50%
Film 1986 The Sea and Poison
50%
Film 2015 The Sea of Trees
50%
Film 2009 The Unbroken
50%
Film 2014 Transformers: Age of Extinction
50%
Film 2017 Transformers: The Last Knight
50%
Film 2003 T.R.Y.
50%
Film 2013 Unforgiven
50%
Film 1998 Welcome Back, Mr. McDonald
50%
Film 2005 Year One in the North
50%
TV Film 2019 An Artist of the Floating World
25%
TV Mini-Series 1990 Baian the Assassin
25%
Film 2018 Bel Canto
25%
Theater 1980 Britannicus Henso
25%
TV Film 2001 Chūshingura 1/47
25%
TV Show 2009 Clouds Above the Slope
25%
Theater 2013 Dialogue with Horowitz
25%
TV Show 1987 Dokuganryū Masamune
25%
TV Show 1995-2002 Gokenin Zankurō
25%
Theater 1988 Hamlet
25%
Theater 2000 Hamlet No Gakuya-Anten
25%
TV Show 1986 Hanekonma
25%
TV Show 1989 Harenochi Kaminari
25%
TV Show 1993-1994 Homura Tatsu
25%
Commercial 2016 IBM Watson
25%
TV Show 2000 Ikebukuro West Gate Park
25%
Theater 1982 Kafun Netsu
25%
TV Film 1989 Oda Nobunaga
25%
Theater 1981 Pajaze
25%
Theater 1985 Pizarro
25%
Theater 1982 Platonof
25%
Film 2019 Pokémon Detective Pikachu
25%
TV Show 1983 Roar at the Sun
25%
TV Show 1984 Sanga Moyu
25%
TV Show 2018 Segodon
25%
TV Mini-Series 1990 Shikakenin Fujieda Baian
25%
Theater 1981 Shitaya Mannencho Monogatari
25%
Film 2009 Shizumanu Taiyō
25%
TV Mini-Series 1990 Takeda Shingen
25%
TV Mini-Series 2020 The Fugitive
25%
Theater 2015-2016, 2018 The King and I
25%
Theater 1981 The Lion in Winter
25%
Theater 2020 The Royal Hunt of the Sun
25%
TV Show 2004 The Vessel of Sand
25%
Web Series 2022-2024 Tokyo Vice
25%
Theater 2000-2001 Towa
25%
Film 2023 True Love
25%
No matching quizzes found
Score Distribution
Percent of People with Each Score
Percentile by Number Answered
Your Score History
You have not taken this quiz since the last reset